Men's Tennis Year End World Rankings 2021 - Top 20 - Statistics

General Stats
  • This quiz has been taken 363 times
  • The average score is 9 of 20
Answer Stats
Player % Correct
Novak Djokovic
99%
Rafael Nadal
98%
Roger Federer
87%
Daniil Medvedev
77%
Jannik Sinner
76%
Alexander Zverev
70%
Stefanos Tsitsipas
60%
Dominic Thiem
59%
Andrey Rublev
48%
Casper Ruud
43%
Matteo Berrettini
36%
Felix Auger-Aliassime
30%
Hubert Hurkacz
26%
Denis Shapovalov
23%
Cameron Norrie
20%
Pablo Carreno Busta
16%
Roberto Bautista Agut
16%
Diego Schwartzman
14%
Aslan Karatsev
8%
Cristian Garin
5%
No matching quizzes found
Score Distribution
Percent of People with Each Score
Percentile by Number Answered
Your Score History
You have not taken this quiz